Načítá se...

Practical micro-finance: a training guide for South Asia

Podrobná bibliografie
Hlavní autor: Harper,Malcolm
Médium: Printed Book
Vydáno: Vistaar publications New Delhi 2003
Témata:
LEADER 00587nam a2200193 4500
020 |c 295 
082 |a 332.7 HAR-P 
100 |a Harper,Malcolm 
245 |a Practical micro-finance: a training guide for South Asia 
250
260 |a Vistaar publications New Delhi  |c 2003 
300
490
500
590 |a Modern Book Centre  |b MBC-0323/05 ,23/05/2005  |c 295 
650 |a Credit-- Financial economics 
942 |c BK 
999 |c 114555  |d 114555 
952 |0 0  |1 0  |4 0  |6 332_700000000000000_HARP  |7 0  |9 128022  |a ECN  |b ECN  |g 295.00  |l 0  |o 332.7 HAR-P  |p ECN11577  |r 2019-09-25  |w 2019-09-25  |y BK